000 00508nam a2200181Ia 4500
001 13667
003 GE_BSU
008 181216s||||||||xx |||||||||||||| ||und||
040 _cGE_BSU
245 _aСоциальная педагогика. №4. 2014
245 _cГл.ред.Олиференко Л.
260 _aМосква
260 _bНародное образование
260 _c2014
300 _a128стр.23см.
653 _aСоциальная педагогика
942 _cCR
999 _c46816
_d46816